000 00840nam a22002057a 4500
005 20251215181300.0
008 251215b ||||fr|||| 00| 0 eng d
020 _a978-603-4028-00-5
040 _aCENDOC CAAAP
_bspa
_cCAAAP
041 _aspa
050 _aJC 599.A5
_b.C66
110 2 _93285
_aComisión Andina de Juristas.
245 1 _aGrupos en situación de especial protección en la región andina :
_bProtección y garantia de los Derechos Humanos a través de políticas públicas
_cComisión Andina de Juristas
250 _a1ra edición
260 1 _aLima, Perú :
_bComisión Andina de Juristas.
_c2008
300 _a150 páginas ;
_c28 x 21 cm
650 0 _9381
_aDerechos Humanos
_vGrupos vulnerables
_xPolíticas pública
650 0 _92207
_aDerechos Sociales
_vProtección
_xIndicadores sociales
942 _2lcc
_bDD - MM - AA
999 _c4262
_d4262